Statistics for Linkin Park - Hybrid Theory tracks

Click here to take the quiz!

General Stats

  • This quiz has been taken 835 times
  • The average score is 8 of 12

Answer Stats

Hybrid TheorySongs% Correct
8In the End
92%
1Papercut
87%
5Crawling
82%
2One Step Closer
76%
4Points of Authority
65%
6Runaway
62%
3With You
62%
9A Place for my Head
57%
11Cure for the Itch
54%
10Forgotten
54%
12Pushing me Away
54%
7By Myself
53%

Score Distribution

Percentile by Number Answered

Percent of People with Each Score

Your Score History

You have not taken this quiz